| 000 | 00918nam a2200217 i 4500 | ||
|---|---|---|---|
| 001 | 167739 | ||
| 003 | ES-MaACL | ||
| 005 | 20251002200939.0 | ||
| 008 | 971031q19001950sp |||| | spa d | ||
| 040 |
_aCLM _bspa _cCLM |
||
| 080 | 4 | _a336.77:338.43 | |
| 100 | 1 |
_aVliebergh, E. _9133816 |
|
| 245 | 1 | 0 |
_aEl crédito hipotecario rural, Alemania, Bélgica, Francia, Italia / _cpor E. Vliebergh ; versión española de la segunda edición francesa notablemente modificada ; traducción y apéndice de Juan de Hinojosa Ferrer. |
| 260 |
_aMadrid : _bSaturnino Calleja-Fernandez, _c[s.a.] ( _fImp. de los Hijos de R. Alvarez) |
||
| 300 |
_a2 v. (256 ; 224) ; _c20 cm. |
||
| 596 | 1 | _aLa primera ed. francesa se publicó en 1899. | |
| 650 | 4 |
_aDesarrollo agricola- _xCréditos. _9135909 |
|
| 700 | 1 | 1 |
_aHinojosa Ferrer, Juan de, _d1886-1955 _963777 |
| 852 |
_aES-MaACL _jF-1711-1712 _z-- Rúst. |
||
| 999 |
_c167739 _d167739 |
||